Proyecto Joven: new solutions and some surprises
Guardat en:
| Autor principal: | |
|---|---|
| Format: | Llibre |
| Idioma: | anglès |
| Publicat: |
Washington, D.C
Inter-American Development Bank
1999
|
| Col·lecció: | Sustainable Development Department Best Practices Series
|
| Matèries: | |
| Etiquetes: |
Afegir etiqueta
Sense etiquetes, Sigues el primer a etiquetar aquest registre!
|
MARC
| LEADER | 00000nam a2200000 a 4500 | ||
|---|---|---|---|
| 001 | UCN7810 | ||
| 003 | CL-VaPUC | ||
| 008 | 011026e19990000US |||||||||||||||||eng|d | ||
| 082 | 0 | 4 | |a 331.2592 |b CAS |2 21 |
| 100 | 0 | |a Castro, Claudio de Moura |e author |9 463929 | |
| 245 | 1 | 0 | |a Proyecto Joven: new solutions and some surprises |
| 300 | |a 27 p | ||
| 942 | |c BK | ||
| 945 | |d 20011026 00:00:00 |a cmena | ||
| 260 | |a Washington, D.C |b Inter-American Development Bank |c 1999 | ||
| 650 | 7 | |a JUVENTUD - PRACTICA PROFESIONAL |2 CL-VaPUC |9 463930 | |
| 650 | 7 | |a JUVENTUD - CAPACITACION LABORAL |2 CL-VaPUC |9 463931 | |
| 650 | 0 | |a Empleados |9 256785 | |
| 583 | |a last modification |c 20011026 00:00:00 |k Rodrigo Vera | ||
| 490 | 0 | |a Sustainable Development Department Best Practices Series | |
| 999 | |c 298009 |d 298007 | ||
| 952 | |0 0 |1 0 |4 0 |6 331_259200000000000_CAS_1999 |7 0 |8 P |9 353123 |a BIBEDU |b BIBEDU |c BIBEDU_PB |d 2019-11-21 |i 3758168 |o 331.2592 CAS 1999 |p 3758168 |r 2024-01-25 |w 2019-11-21 |y BK |k BME | ||